000
00227 a2200097 4500
001
25373
100
_a
Belyayev, B V
245
_a
Psychology of Teaching Foreign Languages
260
_a
_b
Pergamon
_c
1963
090
_c
17125
_d
17125
942
_a
NUST-CAE
_c
M
_c
7920
999
_c
260446
_d
260446